Aradvármegye [Arad vármegye!] őstermelése az erdélyi fejedelmek korában

Elmentve itt :
Bibliográfiai részletek
Szerző: Márki Sándor
Dokumentumtípus: Cikk
Megjelent: 1895
Sorozat:Magyar gazdaságtörténelmi szemle 2
Kulcsszavak:Közgazdaságtudomány, Gazdaságtörténet
Online Access:http://misc.bibl.u-szeged.hu/62
LEADER 00633nab a2200169 i 4500
001 misc62
005 20191106144304.0
008 170607s1895 hu o 0|| hun d
040 |a SZTE Miscellanea Repozitórium  |b hun 
041 |a hun 
100 1 |a Márki Sándor 
245 1 0 |a Aradvármegye [Arad vármegye!] őstermelése az erdélyi fejedelmek korában  |h [elektronikus dokumentum] /  |c  Márki Sándor 
260 |c 1895 
300 |a 28-33 
490 0 |a Magyar gazdaságtörténelmi szemle  |v 2 
695 |a Közgazdaságtudomány, Gazdaságtörténet 
856 4 0 |u http://misc.bibl.u-szeged.hu/62/1/gazd_tort_szeml_1895_028-033.pdf  |z Dokumentum-elérés